000 00410pab a2200157 454500
008 180718b2007 xxu||||| |||| 00| 0 eng d
100 _aRusaw, A. Carol
245 _aChanging public organizations: four approaches
260 _c2007
300 _ap.347-61.
362 _aFeb
650 _aOrganizational change
773 _aInternational Journal of Public Administration
908 _aN
909 _a74957
999 _c74957
_d74957